| 000 | 00654nam a22002057a 4500 | ||
|---|---|---|---|
| 999 |
_c158377 _d158377 |
||
| 005 | 20181026123550.0 | ||
| 010 | _aENG-124386 | ||
| 020 |
_c1395.00 _a9789386552655 |
||
| 035 | _aEN-107918 | ||
| 037 | _bDBAD/PUB | ||
| 082 | _a891.431209 | ||
| 100 | _aHawley, John Stratton | ||
| 245 |
_aSurdas: _cby John Stratton Hawley _bpoet, singer, saint / |
||
| 250 | _arevi.and enlarged ed. | ||
| 260 |
_aNew Delhi _bPrimus Books _c2018 |
||
| 270 |
_aArakashan Road, Paharganj, _bNew Delhi _e110055 |
||
| 300 |
_axxii,375p. _c23cm. (Hb) _bill. |
||
| 500 | _aIt includes glossary, bibliography and index | ||
| 942 |
_2ddc _cEN _h891.431209 _mHAW |
||